000
00340nam a22001577a 4500
003
SGT
020
_a
9788174468758
082
_a
658 ABR
100
_a
ABROL,SUNIL
245
_a
CASE IN PROJECT MANAGEMENT
250
_a
1ST
260
_a
NEW DELHI
_b
EXCEL BOOK
_c
2010
300
_a
117
650
_a
PROJECT MANAGEMENT
942
_2
ddc
_c
FCM
999
_c
10617
_d
10617